000
00312nam a2200133Ia 4500
100
_a
Mukhopadhyay/A.K
942
_c
BK
654
_a
microprocessors
245
_a
Microprocessors Microcomputer and their applications
260
_b
Narosa Pub
_c
1996
082
_a
4.16
_b
MUK
300
_a
342
546
_a
ENGLISH
999
_c
21286
_d
21286